| 000 | 00751cam a22002777a 4500 | ||
|---|---|---|---|
| 001 | 3521852 | ||
| 003 | NUST | ||
| 005 | 20230327113529.0 | ||
| 008 | 950901s1995 pk 000 0 urdo | ||
| 010 | _a 95930246 | ||
| 020 | _a9693503473 | ||
| 025 | _aP-U-031583 | ||
| 040 |
_aDLC _cDLC _dDLC |
||
| 042 | _alcode | ||
| 050 | 0 | 0 | _aMLCSA 94/01672 (P) |
| 082 | _a891.4392,BAN | ||
| 100 | 0 |
_aBano Qudsia, _d1928-2017. _9111441 |
|
| 245 | 1 | 0 |
_aDoosra Qadam / _cBano Qudsia |
| 260 |
_aLahore : _bSang-i Mīl Pablīkeshanz, _c2013. |
||
| 300 |
_a526 p. ; _c22 cm. |
||
| 500 | _aPlays. | ||
| 500 | _aIn Urdu. | ||
| 906 |
_a7 _bcbc _corigode _du _encip _f19 _gy-gencatlg |
||
| 942 |
_2ddc _cBK _k891.4392,BAN |
||
| 999 |
_c594332 _d594332 |
||